000 00582nam a2200217 a 4500
001 0001-1943
003 ELIB.Books
008 190117 2010 eng
020 _a0785281916
092 _a255.1 Heb
_bHeb
100 _aHebbard,Don W.
245 _aFamily Life Ministry in the Church
260 _aNashville
_bThomas Nelson Publishers
_c1995
300 _a299
_c20.3 cm
650 _aChurch work with Familes
856 _nKBTS Library
_uKBTS Elib
942 _2ddc
_cBK
990 _a2
998 _aEnglishbooks.elf
_ccat
_e2019-01-17
999 _c11943
_d11943